000
00324nam a2200121 a 4500
005
20140414131913.0
008
101013s19uu xx 00 eng d
050
_a
ER
_b
W55 1973
100
_a
Singer, Isaac Bashevis
245
_a
Why Noah chose the dove.
260
_a
New York :
_b
The Trumpet Club,
_c
1973.
999
_c
111291
_d
111291